Introduction to Modern Physics (Record no. 610685)
[ view plain ]
| 000 -LEADER | |
|---|---|
| fixed length control field | 00576nam a22001937a 4500 |
| 003 - CONTROL NUMBER IDENTIFIER | |
| control field | NUST |
| 005 - DATE AND TIME OF LATEST TRANSACTION | |
| control field | 20240731103918.0 |
| 020 ## - INTERNATIONAL STANDARD BOOK NUMBER | |
| International Standard Book Number | 978-81-224-2598-7 |
| 082 ## - DEWEY DECIMAL CLASSIFICATION NUMBER | |
| Classification number | 530 |
| Author Mark | SIN |
| 100 ## - MAIN ENTRY--PERSONAL NAME | |
| Personal name | R.B. Singh |
| 9 (RLIN) | 10679 |
| 245 ## - TITLE STATEMENT | |
| Title | Introduction to Modern Physics |
| Statement of responsibility, etc. | R.B.Singh |
| 250 ## - EDITION STATEMENT | |
| Edition statement | 2nd |
| Remainder of edition statement | Vol-II |
| 260 ## - PUBLICATION, DISTRIBUTION, ETC. | |
| Place of publication, distribution, etc. | New Delhi India |
| Name of publisher, distributor, etc. | New AGE International Publishers |
| Date of publication, distribution, etc. | 2010 |
| 300 ## - PHYSICAL DESCRIPTION | |
| Extent | XIV-323 |
| Other physical details | Pb |
| 440 ## - SERIES STATEMENT/ADDED ENTRY--TITLE | |
| Title | Introduction to Modern Physics |
| 9 (RLIN) | 124915 |
| 505 ## - FORMATTED CONTENTS NOTE | |
| Title | Introduction to Modern Physics |
| 600 ## - SUBJECT ADDED ENTRY--PERSONAL NAME | |
| Personal name | R.B.Sigh |
| 9 (RLIN) | 124916 |
| 942 ## - ADDED ENTRY ELEMENTS (KOHA) | |
| Source of classification or shelving scheme | |
| Koha item type | Book |
| Edition | 2nd ed. |
| Call number prefix | 530 |
| Call number suffix | 530 SIN 2010 |
| Withdrawn status | Lost status | Source of classification or shelving scheme | Damaged status | Not for loan | Permanent Location | Current Location | Shelving location | Date acquired | Total Checkouts | Full call number | Barcode | Date last seen | Date last checked out | Price effective from | Koha item type |
|---|---|---|---|---|---|---|---|---|---|---|---|---|---|---|---|
| School of Natural Sciences (SNS) | School of Natural Sciences (SNS) | General Stacks | 07/31/2024 | 1 | 530 SIN | SNS0002270 | 11/18/2024 | 07/31/2024 | 07/31/2024 | Book |
